Молекулярно-генетические механизмы формирования эозинофилии при туберкулезе легких: диссертация на соискание ученой степени кандидата медицинских наук : 14.03.03 ; 03.03.04/

Bibliographic Details
Main Author: Михеева, К. О. биохимия 19860715 Ксения Олеговна (Author)
Corporate Author: Сибирский медицинский университет(Томск)
Other Authors: Новицкий, В. В. патофизиология 19460823-20210107 Вячеслав Викторович, Уразова, О. И. патофизиология 19720322 Ольга Ивановна
Format: Book
Published: Томск: б. и. 2013
Online Access:https://irbis64.ssmu.ru/cgi-bin/irbis64r_14/cgiirbis_64.exe?P21DBN=ELS&I21DBN=ELS&S21FMT=fullwebr&C21COM=S&2_S21P02=0&2_S21P03=I=&2_S21STR=-572830&S21STN=1&S21REF=10&S21CNR=20
Перейти в каталог НМБ СибГМУ
LEADER 01792nmm a2200217 i 4500
001 LibSMU0000077642
008 130429s2013 ru_uu d
008 rus d
040 |a НМБ СибГМУ  |b rus 
100 1 |a Михеева, К. О.  |c биохимия  |d 19860715  |q Ксения Олеговна  |4 aut 
245 0 0 |a Молекулярно-генетические механизмы формирования эозинофилии при туберкулезе легких:   |b диссертация на соискание ученой степени кандидата медицинских наук : 14.03.03 ; 03.03.04/  |c К. О. Михеева ; рук. работы: В. В. Новицкий, О. И. Уразова; Сибирский медицинский университет (Томск) 
260 |a Томск:  |b б. и.  |c 2013 
300 |a 1361 с.r=on-line 
538
535 2 |a НМБ СибГМУ г.Томск  |d https://lib.ssmu.ru  |s 63480700 
852 |a НМБ СибГМУ  |j -572830  |p diss_ssmu-2013-25  |b ЭБС СибГМУ 
700 1 |a Новицкий, В. В.  |c патофизиология  |d 19460823-20210107  |q Вячеслав Викторович 
700 1 |a Уразова, О. И.  |c патофизиология  |d 19720322  |q Ольга Ивановна 
710 2 1 |a Сибирский медицинский университет(Томск) 
856 4 |u https://irbis64.ssmu.ru/cgi-bin/irbis64r_14/cgiirbis_64.exe?P21DBN=ELS&I21DBN=ELS&S21FMT=fullwebr&C21COM=S&2_S21P02=0&2_S21P03=I=&2_S21STR=-572830&S21STN=1&S21REF=10&S21CNR=20 
856 |y Перейти в каталог НМБ СибГМУ  |u https://irbis64.ssmu.ru/cgi-bin/irbis64r_14/cgiirbis_64.exe?Z21ID=&P21DBN=BOOK&I21DBN=BOOK&S21FMT=fullwebr&C21COM=S&2_S21P02=0&2_S21P03=I=&2_S21STR=-572830